000 01339cam a2200145 4500500
005 20260329023210.0
041 _afre
042 _adc
100 1 0 _aLett, Didier
_eauthor
700 1 0 _aBührer-Thierry, Geneviève
_eauthor
245 0 0 _aHommes et femmes du Moyen Âge : Histoire du genre XIIe-XVe siècle
260 _bArmand Colin,
_c2023.
520 _aC’est une problématique essentielle pour l’étude historique de nos sociétés qui est interrogée ici : quels étaient la place et le statut des femmes et des hommes au Moyen Âge ? Quel rôle et quelle image les uns et les autres avaient-ils dans la vie quotidienne, au sein de la famille, du couple, mais aussi dans les institutions, les jeux de l’argent et du pouvoir ? Cet ouvrage offre une vision nouvelle de l’être féminin et masculin médiéval : par-delà la domination de l’homme alors que s’impose la loi salique, l’affirmation de la masculinité de l’activité intellectuelle et où s’affirme comme valeur première de l’aristocratie la virilité, il met également en lumière la réalité des genres et la façon dont se construisent les identités sexuées en fonction de l’âge et des catégories sociales.
856 4 1 _uhttps://shs.cairn.info/hommes-et-femmes-du-moyen-age--9782200635664?lang=fr&redirect-ssocas=7080
999 _c1925427
_d1925427